Statistiken für Europäische Länder, die am meisten Fleisch essen

Klicken Sie hier um das Quiz zu spielen!

Allgemein

  • Dieses Quiz wurde 721 mal gespielt
  • Das Durchschnittsergebnis liegt bei 8 aus 12

Antwortstatistiken

Kg/Pers.Land% Korrekt
88.1Deutschland
99%
87.2Frankreich
92%
97Spanien
91%
90.7Italien
88%
102Österreich
79%
93.4Portugal
76%
85.5Niederlande
63%
95Dänemark
50%
87.9Irland
44%
86.2Island
33%
107.9Luxemburg
32%
88.3Slowenien
26%

Verteilung der Resultate

Perzentil nach korrekt beantworteten Fragen

Anzahl Personen mit jedem Resultat

Ihre Resultats-Entwicklung

Sie haben dieses Quiz noch nicht gespielt